000 00294nam a22001337a 4500
008 170202b xxu||||| |||| 00| 0 eng d
020 _a9780763734732
041 _aeng
080 _a61
100 _a3
101 _aSHM
245 _aHEALTH CARE MANAGEMENT
_cBUCHBINDER, SH.B
942 _2udc
_cBK
999 _c4337
_d4337